| 000 | 00452nam a22001697a 4500 | ||
|---|---|---|---|
| 003 | MPLRDC | ||
| 005 | 20220104142333.0 | ||
| 008 | 210129b ||||| |||| 00| 0 eng d | ||
| 082 | _a524.9672 CPL v.2 1959 | ||
| 100 | _a陈佩莲、黄春薇合著 | ||
| 245 |
_a中学几何习题解法. 下册 _c |
||
| 260 |
_a _b香港侨光书店 _c1959 |
||
| 300 | _b平 | ||
| 490 | _a修正课程标准适用 | ||
| 650 | _a | ||
| 942 |
_cBK _o524.9672 CPL v.2 1959 |
||
| 999 |
_c30001 _d29991 |
||